Qudamāʼ wa-muʻāṣirūn (Record no. 45622)

MARC details
000 -LEADER
fixed length control field 00603cam a22002171 4500
001 - CONTROL NUMBER
control field ne 63000407
003 - CONTROL NUMBER IDENTIFIER
control field DLC
005 - DATE AND TIME OF LATEST TRANSACTION
control field 20260227111742.0
008 - FIXED-LENGTH DATA ELEMENTS--GENERAL INFORMATION
fixed length control field 890523s1961 ua 000 0 ararc
010 ## - LIBRARY OF CONGRESS CONTROL NUMBER
LC control number ne 63000407
025 ## - OVERSEAS ACQUISITION NUMBER
Overseas acquisition number PL480:UAR-1679
035 ## - SYSTEM CONTROL NUMBER
System control number (OCoLC)19752862
040 ## - CATALOGING SOURCE
Original cataloging agency Princeton Univ. Libr for LC
Transcribing agency WaU
Modifying agency WaU
-- DLC
042 ## - AUTHENTICATION CODE
Authentication code premarc
050 00 - LIBRARY OF CONGRESS CALL NUMBER
Classification number PJ7521
Item number .D33
100 1# - MAIN ENTRY--PERSONAL NAME
Personal name Dahhān, Sāmī.
245 10 - TITLE STATEMENT
Title Qudamāʼ wa-muʻāṣirūn
Statement of responsibility, etc. [taʼlīf] Sāmī al-Dahhān.
260 ## - PUBLICATION, DISTRIBUTION, ETC.
Place of publication, distribution, etc. Miṣr,
Name of publisher, distributor, etc. Dār al-Maʻārif,
Date of publication, distribution, etc. 1961.
300 ## - PHYSICAL DESCRIPTION
Extent 320 p.
Dimensions 24 cm.
650 #0 - SUBJECT ADDED ENTRY--TOPICAL TERM
Topical term or geographic name entry element Authors, Arab.

No items available.

Powered by Koha